Desarrollo profesional docente en el liceo: línea de pedagogía del Programa MECE-Media 1995-2000
Enregistré dans:
| Auteurs principaux: | , , , , |
|---|---|
| Format: | Livre |
| Langue: | espagnol |
| Publié: |
Santiago
Ministerio de Educación
2001
|
| Sujets: | |
| Tags: |
Ajouter un tag
Pas de tags, Soyez le premier à ajouter un tag!
|
MARC
| LEADER | 00000nam a2200000 a 4500 | ||
|---|---|---|---|
| 001 | UCN7412 | ||
| 003 | CL-VaPUC | ||
| 008 | 011018e20010000CL |||||||||||||||||spa|d | ||
| 020 | |a 9567933723 | ||
| 082 | 0 | 4 | |a 371.1 |b NOG |2 21 |
| 100 | |a Noguera Echenique, María Inés |e autora |9 479012 | ||
| 700 | 0 | |a Briones S., Leopoldo |e author |9 463412 | |
| 700 | 0 | |a Galaz N., Jorge |e author |9 463413 | |
| 700 | |a Gómez V., María Victoria |e author |9 463414 | ||
| 700 | 0 | |a Portales C., María Rebeca |e author |9 463415 | |
| 245 | 1 | 0 | |a Desarrollo profesional docente en el liceo: línea de pedagogía del Programa MECE-Media 1995-2000 |
| 246 | 1 | 0 | |a Informe de sistematización del Componente Gestión Pedagógica del programa de mejoramiento de la calidad y Equidad de la Educación Media, Ministerio de Educación |
| 300 | |a 97 p | ||
| 942 | |c BK | ||
| 945 | |d 20011018 00:00:00 |a cmena | ||
| 260 | |a Santiago |b Ministerio de Educación |c 2001 | ||
| 650 | 0 | |a Formación profesional de profesores |9 307493 | |
| 650 | 0 | |a Innovaciones pedagógicas |9 307471 | |
| 650 | 0 | |a Planificación de la educación |9 307333 | |
| 650 | 0 | |a Calidad de la educación |9 307271 | |
| 650 | 0 | |a Igualdad de oportunidades |9 331873 | |
| 583 | |a last modification |c 20011018 00:00:00 |k Rodrigo Vera | ||
| 999 | |c 297775 |d 297773 | ||
| 952 | |0 0 |1 0 |4 0 |6 371_100000000000000_NOG_2001 |7 0 |8 A |9 352749 |a BIBMAT |b BIBMAT |c E_DIDACT |d 2019-11-21 |i 375670K |o 371.1 NOG 2001 |p 375670K |r 2025-01-07 |w 2019-11-21 |y BK |k MAT | ||
| 952 | |0 0 |1 0 |4 0 |6 371_100000000000000_NOG_2001 |7 0 |8 A |9 352750 |a BIBMAT |b BIBMAT |c E_DIDACT |d 2019-11-21 |i 3756718 |o 371.1 NOG 2001 |p 3756718 |r 2025-01-07 |w 2019-11-21 |y BK |k MAT | ||
| 952 | |0 0 |1 0 |4 0 |6 371_100000000000000_NOG_2001 |7 0 |8 A |9 352751 |a BIBMAT |b BIBMAT |c E_DIDACT |d 2019-11-21 |i 3756726 |o 371.1 NOG 2001 |p 3756726 |r 2025-01-07 |w 2019-11-21 |y BK |k MAT | ||
| 952 | |0 0 |1 0 |4 0 |6 371_100000000000000_NOG_2001 |7 0 |8 A |9 352752 |a BIBTEO |b BIBTEO |d 2019-11-21 |i 3773140 |o 371.1 NOG 2001 |p 3773140 |r 2025-01-17 |w 2019-11-21 |y BK |k ICR | ||
| 952 | |0 0 |1 0 |4 0 |6 371_100000000000000_NOG_2001 |7 0 |8 A |9 352753 |a BIBEDU |b BIBEDU |d 2019-11-21 |i 3788377 |o 371.1 NOG 2001 |p 3788377 |r 2019-11-21 |w 2019-11-21 |y BK |k BME | ||
| 952 | |0 0 |1 0 |4 0 |6 371_100000000000000_NOG_2001 |7 0 |8 A |9 352755 |a BIBEDU |b BIBEDU |d 2019-11-21 |i 4187571 |o 371.1 NOG 2001 |p 4187571 |r 2019-11-21 |w 2019-11-21 |y BK |k EBA | ||
| 952 | |0 0 |1 0 |4 0 |6 371_100000000000000_NOG_2001 |7 0 |8 A |9 352756 |a BIBEDU |b BIBEDU |d 2019-11-21 |i 418758K |o 371.1 NOG 2001 |p 418758K |r 2019-11-21 |w 2019-11-21 |y BK |k EBA | ||
| 952 | |0 0 |1 0 |4 0 |6 371_100000000000000_NOG_2001 |7 0 |8 A |9 352757 |a BIBEDU |b BIBEDU |d 2019-11-21 |i 4187598 |o 371.1 NOG 2001 |p 4187598 |r 2019-11-21 |w 2019-11-21 |y BK |k EBA | ||
| 952 | |0 0 |1 0 |4 0 |6 371_100000000000000_NOG_2001 |7 0 |8 A |9 352758 |a BIBEDU |b BIBEDU |d 2019-11-21 |i 4187601 |o 371.1 NOG 2001 |p 4187601 |r 2019-11-21 |w 2019-11-21 |y BK |k EBA | ||
| 952 | |0 0 |1 0 |4 0 |6 371_100000000000000_NOG_2001 |7 0 |8 A |9 352759 |a BIBEDU |b BIBEDU |d 2019-11-21 |i 4224639 |o 371.1 NOG 2001 |p 4224639 |r 2019-11-21 |w 2019-11-21 |y BK |k EDU | ||